01402nam a22002177a 450000500170000000800410001704000290005804100080008708200180009510000400011324501620015325000300031526000510034530000350039650003370043150503290076850600210109765000220111865000260114065000180116620160208095125.0160208s1922 ag ||||fr|||| 001 0 spa d cSandra YazodSandra Yazo0 aspa04220a649.102421 aAráoz Alfaro, Gregoriod1870-195513aEl libro de las madresbManual práctico de higiene del niño con indicaciones sobre el embarazo, parto, y tratamiento de los accidentescG. Aráoz Alfaro aNueva edición reformada aBuenos Aires (Argentina)bCabaut y Cíac1922 axvi,283 páginasc20 x 14 cm. aDetalles físicos: Encuadernación rígida en cartón forrado en tela. Tapas y lomo con datos de publicación impresos. Guardas decoradas. Hoja de cortesía. Anteportada. Portada impresa en una sola tinta con un anagrama. Texto impreso en una sola tinta. Ejemplar en buen estado de conservación. Ilustraciones entre el texto1 aLa concepción y el nacimiento ; El niño y su crecimiento ; Alimentación del niño ; La limpieza personal, la habitación y el mobiliario, el vestido ; Higiene de los músculos y del sistema nervioso higiene moral ; apéndice: Cuidado que debe dispensarse en caso de enfermedad o accidente mientas llega el médico aConsulta en sala 7aCuidado prenatal  7aCuidado del lactante  7aPuericultura